Germany General Knowledge - Statistics

General Stats
  • This quiz has been taken 203 times
  • The average score is 11 of 15
Answer Stats
Question Answer % Correct
What is the German name for Germany? Deutschland
96%
What is the name given to the largest beer festival in the world? Oktoberfest
95%
What is the name given to a German highway? Autobahn
94%
What is the longest river in Germany? Rhine
89%
What major car manufacturer was founded in Munich in 1916? BMW
86%
What was the capital of West Germany? Bonn
79%
Which city in Hesse is considered the financial capital of Europe? Frankfurt am Main
76%
In which city would you find the 'Kölner Dom'? Cologne
75%
What is the national airline of Germany? Lufthansa
75%
What is the name given to the German 'president'? Chancellor
70%
What is the highest mountain in Germany? Zugspitze
59%
Which company was founded by Adolf Dassler in 1949? Adidas
58%
What is the name of the German parliament building? The Reichstag
56%
Before the Euro, what was the name of the currency used? Deutsche Mark
49%
'Die Bescherung' happens on which day of the year? Christmas Eve
31%
No matching quizzes found
Score Distribution
Percent of People with Each Score
Percentile by Number Answered
Your Score History
You have not taken this quiz